000 00217nam a22000857a 4500
008 161114b xxu||||| |||| 00| 0 eng d
100 _91199
_aDas.H.K.etal.
245 _aMathematics-II-X
260 _aNew delhi
_bS. chand
_c2011
999 _c3890
_d3890